Tous les matchs notés **** et plus à la WWE en 2024 - Statistiques

Statistiques générales
  • Ce quiz a été pris 151 fois
  • Le résultat moyen est 170 sur 327
Statistiques - réponses
Hint Réponse % Correct
RAW 1597 - 01/01/2024 - ****1/4 - Singles WHC Champ Seth Rollins
94%
Wrestlemania XL - 06/04/2024 - **** - Tag Team Face Seth Rollins
94%
Crown Jewel 2024 - 02/11/2024 - **** - Singles Face Seth Rollins
94%
RAW 1641 - 03/11/2024 - **** - 4-way Face Seth Rollins
94%
Wrestlemania XL - 06/04/2024 - **** - Tag Team Heel Roman Reigns
93%
Wrestlemania XL - 07/04/2024 - ****3/4 - Bloodline Rules WWE/Universal Champ Roman Reigns
93%
Bad Blood 2024 - 05/10/2024 - ****1/4 - Tag Team Face Roman Reigns
93%
Survivor Series 2024 - 30/11/2024 - ****1/4 - Wargames Face Roman Reigns
93%
Elimination Chamber 2024 - 24/02/2024 - ****1/4 Face Randy Orton
92%
Wrestlemania XL - 07/04/2024 - ****1/4 - 3-way Challenger Randy Orton
92%
Backlash 2024 - 04/05/2024 - ****3/4 - Tag Team Face Randy Orton
92%
Smackdown 1290 - 10/05/2024 - **** - KOTR First Round Face Randy Orton
92%
King and Queen of The Ring 2024 - 25/05/2024 - ****1/4 - KOTR Final Face Randy Orton
92%
Bash In Berlin 2024 - 31/08/2024 - ****1/2 - Singles Challenger Randy Orton
92%
Smackdown 1310 - 27/09/2024 - ****1/4 - Tag Team Face Randy Orton
92%
Royal Rumble 2024 - 27/01/2024 - ****1/4 15 Cody Rhodes
89%
Wrestlemania XL - 06/04/2024 - **** - Tag Team Face Cody Rhodes
89%
Wrestlemania XL - 07/04/2024 - ****3/4 - Bloodline Rules Challenger Cody Rhodes
89%
Backlash 2024 - 04/05/2024 - ***** - Singles WWE/Universal Champ Cody Rhodes
89%
King and Queen of The Ring 2024 - 25/05/2024 - ****1/4 - Singles WWE/Universal Champ Cody Rhodes
89%
Clash At The Castle 2024 - 15/06/2024 - ****1/2 - I Quit WWE/Universal Champ Cody Rhodes
89%
Summerslam 2024 - 03/08/2024 - **** - Bloodline Rules WWE/Universal Champ Cody Rhodes
89%
Bash In Berlin 2024 - 31/08/2024 - ****1/4 - Singles WWE/Universal Champ Cody Rhodes
89%
Smackdown 1308 -13/09/2024 - ****1/4 - Steel cage WWE/Universal Champ Cody Rhodes
89%
Bad Blood 2024 - 05/10/2024 - ****1/4 - Tag Team Face Cody Rhodes
89%
Crown Jewel 2024 - 02/11/2024 - ****1/4 - Singles WWE/Universal Champ Cody Rhodes
89%
SNME 37 - 14/12/2024 - **** - Singles WWE/Universal Champ Cody Rhodes
89%
Royal Rumble 2024 - 27/01/2024 - ****1/4 1 Jey Uso
89%
Raw 1604 - 19/02/2024 - **** - Singles Challenger Jey Uso
89%
Money in The Bank 2024 - 06/07/2024 - **** - MITB Face Jey Uso
89%
RAW 1635 - 23/09/2024 - ****1/2 - Singles Challenger Jey Uso
89%
Survivor Series 2024 - 30/11/2024 - ****1/4 - Wargames Face Jey Uso
89%
Raw 1604 - 19/02/2024 - **** - Singles IC Champ Gunther
87%
Wrestlemania XL - 06/04/2024 - ****1/2 - Singles IC Champ Gunther
87%
RAW 1615 - 06/05/2024 - ****1/4 - KOTR First Round Heel Gunther
87%
King and Queen of The Ring 2024 - 25/05/2024 - ****1/4 - KOTR Final Heel Gunther
87%
Summerslam 2024 - 03/08/2024 - ****1/4 - Singles WH Champ Gunther
87%
Bash In Berlin 2024 - 31/08/2024 - ****1/2 - Singles WH Champ Gunther
87%
RAW 1637 - 07/10/2024 - ****1/4 - Singles WH Champ Gunther
87%
Crown Jewel 2024 - 02/11/2024 - ****1/4 - Singles WH Champ Gunther
87%
SNME 37 - 14/12/2024 - **** - 3-way WH Champ Gunther
87%
Royal Rumble 2024 - 27/01/2024 - ****1/4 27 CM Punk
86%
Bash In Berlin 2024 - 31/08/2024 - ****1/2 - Strap Face CM Punk
86%
Bad Blood 2024 - 05/10/2024 - ***** - Hell in a Cell Face CM Punk
86%
Survivor Series 2024 - 30/11/2024 - ****1/4 - Wargames Face CM Punk
86%
Backlash 2024 - 04/05/2024 - ****3/4 - Tag Team Heel Solo Sikoa
86%
Summerslam 2024 - 03/08/2024 - **** - Bloodline Rules Challenger Solo Sikoa
86%
Smackdown 1308 -13/09/2024 - ****1/4 - Steel cage Challenger Solo Sikoa
86%
Smackdown 1310 - 27/09/2024 - ****1/4 - Tag Team Heel Solo Sikoa
86%
Bad Blood 2024 - 05/10/2024 - ****1/4 - Tag Team Heel Solo Sikoa
86%
Survivor Series 2024 - 30/11/2024 - ****1/4 - Wargames Heel Solo Sikoa
86%
Royal Rumble 2024 - 27/01/2024 - ****1/4 2 Jimmy Uso
85%
Survivor Series 2024 - 30/11/2024 - ****1/4 - Wargames Face Jimmy Uso
85%
Smackdown 1272 - 05/01/2024 - **** - Singles Face Kevin Owens
85%
Elimination Chamber 2024 - 24/02/2024 - ****1/4 Face Kevin Owens
85%
Wrestlemania XL - 07/04/2024 - ****1/4 - 3-way Challenger Kevin Owens
85%
Backlash 2024 - 04/05/2024 - ****3/4 - Tag Team Face Kevin Owens
85%
Bash In Berlin 2024 - 31/08/2024 - ****1/4 - Singles Challenger Kevin Owens
85%
Smackdown 1310 - 27/09/2024 - ****1/4 - Tag Team Face Kevin Owens
85%
SNME 37 - 14/12/2024 - **** - Singles Challenger Kevin Owens
85%
Royal Rumble 2024 - 27/01/2024 - ****1/4 30 Sami Zayn
84%
RAW 1605 - 26/02/2024 - **** - Singles Face Sami Zayn
84%
Wrestlemania XL - 06/04/2024 - ****1/2 - Singles Challenger Sami Zayn
84%
RAW 1612 - 15/04/2024 - ****1/2 - Singles IC Champ Sami Zayn
84%
Clash At The Castle 2024 - 15/06/2024 - ****1/2 - Singles IC Champ Sami Zayn
84%
RAW 1637 - 07/10/2024 - ****1/4 - Singles Challenger Sami Zayn
84%
Survivor Series 2024 - 30/11/2024 - ****1/4 - Wargames Face Sami Zayn
84%
RAW 1597 - 01/01/2024 - ****1/4 - Singles Challenger Drew Mcintyre
81%
Royal Rumble 2024 - 27/01/2024 - ****1/4 29 Drew McIntyre
81%
Elimination Chamber 2024 - 24/02/2024 - ****1/4 Heel Drew Mcintyre
81%
Raw 1623 - 01/07/2024 - **** - MITB Qualifying 3-way Heel Drew Mcintyre
81%
Money in The Bank 2024 - 06/07/2024 - **** - MITB Heel Drew Mcintyre
81%
Bash In Berlin 2024 - 31/08/2024 - ****1/2 - Strap Heel Drew Mcintyre
81%
Bad Blood 2024 - 05/10/2024 - ***** - Hell in a Cell Heel Drew Mcintyre
81%
Royal Rumble 2024 - 27/01/2024 - ****1/4 14 Finn Balor
80%
Elimination Chamber 2024 - 24/02/2024 - ****1/4 - Tag Team SD/RAW Tag Champ Finn Balor
80%
Wrestlemania XL - 06/04/2024 - ****1/4 - Six-Pack Tag Ladder RAW/SD Tag champ Finn Balor
80%
SNME 37 - 14/12/2024 - **** - 3-way Challenger Finn Balor
80%
Royal Rumble 2024 - 27/01/2024 - ****1/4 26 Damian Priest
79%
Elimination Chamber 2024 - 24/02/2024 - ****1/4 - Tag Team SD/RAW Tag Champ Damian Priest
79%
Wrestlemania XL - 06/04/2024 - ****1/4 - Six-Pack Tag Ladder RAW/SD Tag champ Damian Priest
79%
Summerslam 2024 - 03/08/2024 - ****1/4 - Singles Challenger Damian Priest
79%
RAW 1641 - 03/11/2024 - **** - 4-way Face Damian Priest
79%
SNME 37 - 14/12/2024 - **** - 3-way Challenger Damian Priest
79%
Smackdown 1310 - 27/09/2024 - ****1/4 - Tag Team Heel Jacob Fatu
77%
Bad Blood 2024 - 05/10/2024 - ****1/4 - Tag Team Heel Jacob Fatu
77%
Survivor Series 2024 - 30/11/2024 - ****1/4 - Wargames Heel Jacob Fatu
77%
NXT 717 -23/01/2024 - ****1/4 - Tag Team Tweener Bron Breakker
76%
Royal Rumble 2024 - 27/01/2024 - ****1/4 20 Bron Breakker
76%
NXT Stand and Deliver 2024 - 06/04/2024 - ****1/4 - Tag Team NXT Tag Champ Bron Breakker
76%
RAW 1620 - 10/06/2024 - ****1/4 - Singles Heel Bron Breakker
76%
RAW 1626 - 22/07/2024 - ****1/4 - Singles Heel Bron Breakker
76%
RAW 1635 - 23/09/2024 - ****1/2 - Singles IC Champ Bron Breakker
76%
Survivor Series 2024 - 30/11/2024 - ****1/4 - 3-Way IC Champ Bron Breakker
76%
Wrestlemania XL - 06/04/2024 - ****1/4 - Singles Women's World Champ Rhea Ripley
76%
Backlash 2024 - 04/05/2024 - ***** - Singles Challenger AJ Styles
75%
Smackdown 1290 - 10/05/2024 - **** - KOTR First Round Heel AJ Styles
75%
Clash At The Castle 2024 - 15/06/2024 - ****1/2 - I Quit Challenger AJ Styles
75%
Elimination Chamber 2024 - 24/02/2024 - ****1/4 Heel Logan Paul
75%
Wrestlemania XL - 07/04/2024 - ****1/4 - 3-way US Champ Logan Paul
75%
King and Queen of The Ring 2024 - 25/05/2024 - ****1/4 - Singles Challenger Logan Paul
75%
Summerslam 2024 - 03/08/2024 - **** - Singles US Champ Logan Paul
75%
Backlash 2024 - 04/05/2024 - ****3/4 - Tag Team Heel Tama Tonga
75%
Smackdown 1311 - 04/10/2024 - ****1/2 - Ladder match tag Tag Team Champ Tama Tonga
75%
Survivor Series 2024 - 30/11/2024 - ****1/4 - Wargames Heel Tama Tonga
75%
Wrestlemania XL - 07/04/2024 - ****1/2 - Singles Challenger Bayley
73%
Backlash 2024 - 04/05/2024 - ****1/2 - 3-way Women's Champ Bayley
73%
RAW 1608 - 19/03/2024 - **** - Last Woman Standing Face Becky Lynch
71%
Wrestlemania XL - 06/04/2024 - ****1/4 - Singles Challenger Becky Lynch
71%
Royal Rumble 2024 - 27/01/2024 - ****1/4 9 Dominik Mysterio
68%
RAW 1641 - 03/11/2024 - **** - 4-way Heel Dominik Mysterio
68%
Wrestlemania XL - 07/04/2024 - ****1/2 - Singles Women's Champ IYO SKY
68%
Money in The Bank 2024 - 06/07/2024 - ****1/4 - MITB Heel IYO SKY
68%
RAW 1634 - 16/09/2024 - ****1/4 - Singles Face IYO SKY
68%
RAW 1649 - 30/12/2024 - **** - Singles Face IYO SKY
68%
RAW 1615 - 06/05/2024 - ****1/4 - KOTR First Round Face Sheamus
67%
Raw 1623 - 01/07/2024 - **** - MITB Qualifying 3-way Face Sheamus
67%
RAW 1628 - 05/08/2024 - **** - Singles Face Sheamus
67%
RAW 1637 - 07/10/2024 - **** - Good Old fashioned Donnybrook Face Sheamus
67%
RAW 1641 - 03/11/2024 - **** - 4-way Face Sheamus
67%
Survivor Series 2024 - 30/11/2024 - ****1/4 - 3-Way Challenger Sheamus
67%
Elimination Chamber 2024 - 24/02/2024 - ****1/4 Face LA Knight
65%
Money in The Bank 2024 - 06/07/2024 - **** - MITB Face LA Knight
65%
Summerslam 2024 - 03/08/2024 - **** - Singles Challenger LA Knight
65%
Royal Rumble 2024 - 27/01/2024 - ****1/4 17 Kofi Kingston
61%
RAW 1605 - 26/02/2024 - **** - Tag Street Fight Face Kofi Kingston
61%
Wrestlemania XL - 06/04/2024 - ****1/4 - Six-Pack Tag Ladder Challenger Kofi Kingston
61%
Royal Rumble 2024 - 27/01/2024 - ****1/4 25 The Miz
61%
Wrestlemania XL - 06/04/2024 - ****1/4 - Six-Pack Tag Ladder Challenger The Miz
61%
RAW 1634 - 16/09/2024 - ****1/4 - Singles Face Bianca Belair
60%
Royal Rumble 2024 - 27/01/2024 - ****1/4 5 Carmelo Hayes
59%
NXT 718 - 30/01/2024 - **** - Tag Team Face Carmelo Hayes
59%
Money in The Bank 2024 - 06/07/2024 - **** - MITB Heel Carmelo Hayes
59%
Backlash 2024 - 04/05/2024 - ****1/2 - 3-way Challenger Tiffany Stratton
59%
Money in The Bank 2024 - 06/07/2024 - ****1/4 - MITB Heel Tiffany Stratton
59%
RAW 1605 - 26/02/2024 - **** - Tag Street Fight Face Xavier Woods
59%
Wrestlemania XL - 06/04/2024 - ****1/4 - Six-Pack Tag Ladder Challenger Xavier Woods
59%
Wrestlemania XL - 06/04/2024 - ****1/4 - Six-Pack Tag Ladder Challenger Johnny Gargano
58%
Smackdown 1298 - 05/07/2024 - ****1/2 - Tag Team Challenger Johnny Gargano
58%
Smackdown 1304 - 16/08/2024 - **** - Tag Team Face Johnny Gargano
58%
Smackdown 1311 - 04/10/2024 - ****1/2 - Ladder match tag Challenger Johnny Gargano
58%
Wrestlemania XL - 06/04/2024 - ****1/4 - Six-Pack Tag Ladder Challenger Tommaso Ciampa
57%
Smackdown 1298 - 05/07/2024 - ****1/2 - Tag Team Challenger Tommaso Ciampa
57%
Smackdown 1304 - 16/08/2024 - **** - Tag Team Face Tommaso Ciampa
57%
Smackdown 1311 - 04/10/2024 - ****1/2 - Ladder match tag Challenger Tommaso Ciampa
57%
Smackdown 1311 - 04/10/2024 - ****1/2 - Ladder match tag Tag Team Champ Tonga Loa
57%
Survivor Series 2024 - 30/11/2024 - ****1/4 - Wargames Heel Tonga Loa
57%
Smackdown 1287 - 19/04/2024 - ****1/4 - Four Way Tag Face Montez Ford
56%
Smackdown 1304 - 16/08/2024 - **** - Tag Team Face Montez Ford
56%
Smackdown 1311 - 04/10/2024 - ****1/2 - Ladder match tag Challenger Montez Ford
56%
Backlash 2024 - 04/05/2024 - ****1/2 - 3-way Challenger Naomi
56%
Money in The Bank 2024 - 06/07/2024 - ****1/4 - MITB Face Naomi
56%
Royal Rumble 2024 - 27/01/2024 - ****1/4 16 Bronson Reed
55%
RAW 1636 - 30/09/2024 - **** - Last Man Standing Heel Bronson Reed
55%
Crown Jewel 2024 - 02/11/2024 - **** - Singles Heel Bronson Reed
55%
Survivor Series 2024 - 30/11/2024 - ****1/4 - Wargames Heel Bronson Reed
55%
Royal Rumble 2024 - 27/01/2024 - ****1/4 13 Austin Theory
54%
Wrestlemania XL - 06/04/2024 - ****1/4 - Six-Pack Tag Ladder Challenger Austin Theory
54%
Smackdown 1298 - 05/07/2024 - ****1/2 - Tag Team Tag Team Champ Austin Theory
54%
RAW 1600 - 22/01/2024 - **** - Singles Face Chad Gable
54%
RAW 1612 - 15/04/2024 - ****1/2 - Singles Challenger Chad Gable
54%
Clash At The Castle 2024 - 15/06/2024 - ****1/2 - Singles Challenger Chad Gable
54%
Money in The Bank 2024 - 06/07/2024 - **** - MITB Heel Chad Gable
54%
NXT 718 - 30/01/2024 - **** - Tag Team Face Trick Williams
53%
NXT Vengeance day 2024 - 04/02/2024 - **** - Singles Challenger Trick Williams
53%
NXT Heatwave 2024 - 07/07/2024 - ****1/2 - 4-way NXT Champ Trick Williams
53%
NXT 750 - 10/09/2024 - **** - Last Man Standing Face Trick Williams
53%
NXT Stand and Deliver 2024 - 06/04/2024 - ****1/2 - 3-way NXT NA Champ Oba Femi
52%
NXT 754 - 08/10/2024 - **** - Singles NA Champ Oba Femi
52%
NXT Deadline 2024 - 07/12/2024 - ****1/4 - Men Iron Survivor Tweener Oba Femi
52%
Smackdown 1287 - 19/04/2024 - ****1/4 - Four Way Tag Face Angelo Dawkins
51%
Smackdown 1304 - 16/08/2024 - **** - Tag Team Face Angelo Dawkins
51%
Smackdown 1311 - 04/10/2024 - ****1/2 - Ladder match tag Challenger Angelo Dawkins
51%
Royal Rumble 2024 - 27/01/2024 - ****1/4 3 Grayson Waller
50%
Wrestlemania XL - 06/04/2024 - ****1/4 - Six-Pack Tag Ladder Challenger Grayson Waller
50%
Smackdown 1298 - 05/07/2024 - ****1/2 - Tag Team Tag Team Champ Grayson Waller
50%
Royal Rumble 2024 - 27/01/2024 - ****1/4 24 R-Truth
49%
Wrestlemania XL - 06/04/2024 - ****1/4 - Six-Pack Tag Ladder Challenger R-Truth
49%
Royal Rumble 2024 - 27/01/2024 - ****1/4 4 Andrade
48%
Money in The Bank 2024 - 06/07/2024 - **** - MITB Face Andrade
48%
Smackdown 1303 - 09/08/2024 - **** - Singles Face Andrade
48%
Wrestlemania XL - 06/04/2024 - **** - Tag Team Heel The Rock
48%
NXT 717 -23/01/2024 - ****1/4 - Tag Team Face Axiom
47%
NXT 719 - 06/02/2024 - ****1/4 - Tag Team Face Axiom
47%
NXT Stand and Deliver 2024 - 06/04/2024 - ****1/4 - Tag Team Challenger Axiom
47%
NXT Heatwave 2024 - 07/07/2024 - ****1/4 - Tag Team NXT Tag Team Champ Axiom
47%
NXT 743 - 23/07/2024 - ****1/4 - Six Man Tag Face Axiom
47%
NXT No Mercy 2024 - 01/09/2024 - ****1/4 - Tag Team Challenger Axiom
47%
NXT 757 - 29/10/2024 - ****1/2 - Tag Team NXT Tag Team Champ Axiom
47%
NXT Deadline 2024 - 07/12/2024 - ****3/4 - Tag Team NXT Tag Champ Axiom
47%
NXT 764 - 17/12/2024 - **** - Tag Team NXT Tag Champ Axiom
47%
NXT 717 -23/01/2024 - ****1/4 - Tag Team Tweener Baron Corbin
46%
NXT Stand and Deliver 2024 - 06/04/2024 - ****1/4 - Tag Team NXT Tag Champ Baron Corbin
46%
Royal Rumble 2024 - 27/01/2024 - ****1/4 12 Ludwig Kaiser
45%
RAW 1605 - 26/02/2024 - **** - Tag Street Fight Heel Ludwig Kaiser
45%
RAW 1628 - 05/08/2024 - **** - Singles Heel Ludwig Kaiser
45%
Survivor Series 2024 - 30/11/2024 - ****1/4 - 3-Way Challenger Ludwig Kaiser
45%
Royal Rumble 2024 - 27/01/2024 - ****1/4 6 Shinsuke Nakamura
44%
RAW 1605 - 26/02/2024 - **** - Singles Heel Shinsuke Nakamura
44%
NXT Vengeance day 2024 - 04/02/2024 - **** - Singles NXT Champ Ilja Dragunov
43%
NXT Stand and Deliver 2024 - 06/04/2024 - ****1/4 - Singles NXT Champ Ilja Dragunov
43%
RAW 1615 - 06/05/2024 - ****1/2 - KOTR First Round Face Ilja Dragunov
43%
RAW 1620 - 10/06/2024 - ****1/4 - Singles Face Ilja Dragunov
43%
Raw 1623 - 01/07/2024 - **** - MITB Qualifying 3-way Face Ilja Dragunov
43%
RAW 1626 - 22/07/2024 - ****1/4 - Singles Face Ilja Dragunov
43%
NXT 717 -23/01/2024 - ****1/4 - Tag Team Face Nathan Frazer
43%
NXT 719 - 06/02/2024 - ****1/4 - Tag Team Face Nathan Frazer
43%
NXT Stand and Deliver 2024 - 06/04/2024 - ****1/4 - Tag Team Challenger Nathan Frazer
43%
NXT Heatwave 2024 - 07/07/2024 - ****1/4 - Tag Team NXT Tag Team Champ Nathan Frazer
43%
NXT 743 - 23/07/2024 - ****1/4 - Six Man Tag Face Nathan Frazer
43%
NXT No Mercy 2024 - 01/09/2024 - ****1/4 - Tag Team Challenger Nathan Frazer
43%
NXT 757 - 29/10/2024 - ****1/2 - Tag Team NXT Tag Team Champ Nathan Frazer
43%
NXT Deadline 2024 - 07/12/2024 - ****1/4 - Men Iron Survivor Face Nathan Frazer
43%
NXT Deadline 2024 - 07/12/2024 - ****3/4 - Tag Team NXT Tag Champ Nathan Frazer
43%
NXT 764 - 17/12/2024 - **** - Tag Team NXT Tag Champ Nathan Frazer
43%
RAW 1608 - 19/03/2024 - **** - Last Woman Standing Heel Nia Jax
43%
NXT Heatwave 2024 - 07/07/2024 - ****1/4 - Singles NXT Women's Champ Roxanne Perez
42%
NXT 744 - 30/07/2024 - **** - Singles NXT Women's Champ Roxanne Perez
42%
NXT 758 - 06/11/2024 - **** - 10 Man Tag Heel Roxanne Perez
42%
RAW 1636 - 30/09/2024 - **** - Last Man Standing Face Braun Strowman
39%
RAW 1600 - 22/01/2024 - **** - Singles Heel Ivar
37%
Royal Rumble 2024 - 27/01/2024 - ****1/4 19 Ivar
37%
RAW 1610 - 01/04/2024 - **** - Singles Heel Ivar
37%
Smackdown 1272 - 05/01/2024 - **** - Singles Heel Santos Escobar
35%
Royal Rumble 2024 - 27/01/2024 - ****1/4 7 Santos Escobar
35%
Smackdown 1303 - 09/08/2024 - **** - Singles Heel Santos Escobar
35%
Royal Rumble 2024 - 27/01/2024 - ****1/4 28 Ricochet
34%
RAW 1609 - 26/03/2024 - ****1/4 - Singles Face Ricochet
34%
RAW 1610 - 01/04/2024 - **** - Singles Face Ricochet
34%
RAW 1615 - 06/05/2024 - ****1/2 - KOTR First Round Face Ricochet
34%
NXT Heatwave 2024 - 07/07/2024 - ****1/2 - 4-way Challenger Ethan Page
32%
NXT 755 - 15/10/2024 - **** - 3-way Heel Ethan Page
32%
NXT Deadline 2024 - 07/12/2024 - ****1/4 - Men Iron Survivor Heel Ethan Page
32%
Elimination Chamber 2024 - 24/02/2024 - ****1/4 - Tag Team Challenger Pete Dunne
32%
Wrestlemania XL - 06/04/2024 - ****1/4 - Six-Pack Tag Ladder Challenger Pete Dunne
32%
Smackdown 1287 - 19/04/2024 - ****1/4 - Four Way Tag Face Pete Dunne
32%
NXT 737 - 11/06/2024 - **** - Six man Tag Face Pete Dunne
32%
NXT 750 - 10/09/2024 - **** - Last Man Standing Heel Pete Dunne
32%
RAW 1637 - 07/10/2024 - **** - Good Old fashioned Donnybrook Heel Pete Dunne
32%
NXT 758 - 06/11/2024 - **** - 10 Man Tag Face Stephanie Vaquer
32%
NXT 759 - 12/11/2024 - **** - Tag Team Face Stephanie Vaquer
32%
NXT Deadline 2024 - 07/12/2024 - ****1/4 - Women Iron Survivor Face Stephanie Vaquer
32%
Royal Rumble 2024 - 27/01/2024 - ****1/4 11 Bobby Lashley
30%
Elimination Chamber 2024 - 24/02/2024 - ****1/4 Tweener Bobby Lashley
30%
Royal Rumble 2024 - 27/01/2024 - ****1/4 23 JD McDonagh
30%
RAW 1609 - 26/03/2024 - ****1/4 - Singles Heel JD McDonagh
30%
Royal Rumble 2024 - 27/01/2024 - ****1/4 10 Carlito
29%
NXT 758 - 06/11/2024 - **** - 10 Man Tag Face Giulia
29%
NXT 759 - 12/11/2024 - **** - Tag Team Face Giulia
29%
NXT Deadline 2024 - 07/12/2024 - ****1/4 - Women Iron Survivor Face Giulia
29%
Money in The Bank 2024 - 06/07/2024 - ****1/4 - MITB Heel Chelsea Green
28%
Elimination Chamber 2024 - 24/02/2024 - ****1/4 - Tag Team Challenger Tyler Bate
28%
Wrestlemania XL - 06/04/2024 - ****1/4 - Six-Pack Tag Ladder Challenger Tyler Bate
28%
Smackdown 1287 - 19/04/2024 - ****1/4 - Four Way Tag Face Tyler Bate
28%
NXT 737 - 11/06/2024 - **** - Six man Tag Face Tyler Bate
28%
Smackdown 1287 - 19/04/2024 - ****1/4 - Four Way Tag Heel Angel
27%
Money in The Bank 2024 - 06/07/2024 - ****1/4 - MITB Face Lyra Valkyria
27%
RAW 1649 - 30/12/2024 - **** - Singles Face Lyra Valkyria
27%
NXT Heatwave 2024 - 07/07/2024 - ****1/2 - 4-way Challenger Je'Von Evans
25%
NXT 743 - 23/07/2024 - ****1/4 - Six Man Tag Face Je'Von Evans
25%
NXT 755 - 15/10/2024 - **** - 3-way Face Je'Von Evans
25%
NXT 757 - 29/10/2024 - ****1/2 - Tag Team Challenger Je'Von Evans
25%
NXT Deadline 2024 - 07/12/2024 - ****1/4 - Men Iron Survivor Face Je'Von Evans
25%
NXT 753 - 10/12/2024 - **** - Singles Face Je'Von Evans
25%
NXT 758 - 06/11/2024 - **** - 10 Man Tag Heel Cora Jade
24%
Royal Rumble 2024 - 27/01/2024 - ****1/4 21 Omos
24%
NXT Stand and Deliver 2024 - 06/04/2024 - ****1/4 - Singles Challenger Tony D'angelo
24%
NXT 754 - 08/10/2024 - **** - Singles Challenger Tony D'Angelo
24%
RAW 1605 - 26/02/2024 - **** - Tag Street Fight Heel Giovanni Vinci
23%
NXT Deadline 2024 - 07/12/2024 - ****1/4 - Women Iron Survivor Face Sol Ruca
23%
NXT 737 - 11/06/2024 - **** - Six man Tag Face Wes Lee
22%
NXT 742 - 16/07/2024 - **** - Six Man Tag Face Wes Lee
22%
NXT 743 - 23/07/2024 - ****1/4 - Six Man Tag Face Wes Lee
22%
NXT 753 - 01/10/2024 - **** - Street Fight Heel Wes Lee
22%
NXT 755 - 15/10/2024 - **** - 3-way Heel Wes Lee
22%
NXT Deadline 2024 - 07/12/2024 - ****1/4 - Men Iron Survivor Heel Wes Lee
22%
NXT 753 - 10/12/2024 - **** - Singles Heel Wes Lee
22%
Royal Rumble 2024 - 27/01/2024 - ****1/4 8 Karrion Kross
20%
Smackdown 1287 - 19/04/2024 - ****1/4 - Four Way Tag Heel Berto
19%
NXT 758 - 06/11/2024 - **** - 10 Man Tag Face Jordynne Grace
18%
NXT 706 - 27/03/2024 - **** - Singles Heel Dijak
17%
NXT Stand and Deliver 2024 - 06/04/2024 - ****1/2 - 3-way Challenger Dijak
17%
NXT No Mercy 2024 - 01/09/2024 - ****1/4 - Tag Team NXT Tag Team Champ Ridge Holland
17%
Money in The Bank 2024 - 06/07/2024 - ****1/4 - MITB Heel Zoey Stark
15%
NXT 740 - 02/07/2024 - ****1/4 - Street Fight Heel Jaida Parker
12%
NXT 758 - 06/11/2024 - **** - 10 Man Tag Heel Fallon Henley
11%
NXT 740 - 02/07/2024 - ****1/4 - Street Fight Face Michin
11%
NXT 758 - 06/11/2024 - **** - 10 Man Tag Face Zaria
11%
NXT Deadline 2024 - 07/12/2024 - ****1/4 - Women Iron Survivor Heel Zaria
11%
NXT Heatwave 2024 - 07/07/2024 - ****1/4 - Tag Team Challenger Andre Chase
10%
NXT No Mercy 2024 - 01/09/2024 - ****1/4 - Tag Team NXT Tag Team Champ Andre Chase
10%
NXT 718 - 30/01/2024 - **** - Tag Team Face Cruz Del Toro
10%
NXT 758 - 06/11/2024 - **** - 10 Man Tag Heel Jacy Jayne
10%
NXT 758 - 06/11/2024 - **** - 10 Man Tag Face Kelani Jordan
10%
NXT Stand and Deliver 2024 - 06/04/2024 - ****1/2 - 3-way Challenger Josh Briggs
9%
Royal Rumble 2024 - 27/01/2024 - ****1/4 22 Pat McAfee
9%
NXT 718 - 30/01/2024 - **** - Tag Team Face Joaquin Wilde
8%
NXT 706 - 27/03/2024 - **** - Singles Heel Shawn Spears
8%
NXT Heatwave 2024 - 07/07/2024 - ****1/2 - 4-way Challenger Shawn Spears
8%
NXT Heatwave 2024 - 07/07/2024 - ****1/4 - Singles Challenger Lola Vice
7%
Smackdown 1287 - 19/04/2024 - ****1/4 - Four Way Tag Heel Akam
6%
NXT 759 - 12/11/2024 - **** - Tag Team Face Lash Legend
6%
Smackdown 1287 - 19/04/2024 - ****1/4 - Four Way Tag Heel Rezar
6%
NXT Heatwave 2024 - 07/07/2024 - ****1/4 - Tag Team Challenger Duke Hudson
5%
NXT 759 - 12/11/2024 - **** - Tag Team Face Jakara Jackson
5%
NXT 758 - 06/11/2024 - **** - 10 Man Tag Heel Jazmyn Nyx
5%
NXT 744 - 30/07/2024 - **** - Singles Challenger Thea Hail
5%
NXT 737 - 11/06/2024 - **** - Six man Tag Heel Joe Coffey
4%
NXT 742 - 16/07/2024 - **** - Six Man Tag Heel Joe Coffey
4%
NXT 737 - 11/06/2024 - **** - Six man Tag Heel Mark Coffey
4%
NXT 742 - 16/07/2024 - **** - Six Man Tag Heel Mark Coffey
4%
NXT 764 - 17/12/2024 - **** - Tag Team Challenger Mark Coffey
4%
NXT 742 - 16/07/2024 - **** - Six Man Tag Face Trey Miguel
4%
NXT 743 - 23/07/2024 - ****1/4 - Six Man Tag Face Trey Miguel
4%
NXT Deadline 2024 - 07/12/2024 - ****1/4 - Women Iron Survivor Heel Wren Sinclair
4%
NXT 742 - 16/07/2024 - **** - Six Man Tag Face Zachary Wentz
4%
NXT 743 - 23/07/2024 - ****1/4 - Six Man Tag Face Zachary Wentz
4%
NXT 753 - 01/10/2024 - **** - Street Fight Face Zachary Wentz
4%
NXT Deadline 2024 - 07/12/2024 - ****3/4 - Tag Team Challenger Myles Borne
3%
NXT Deadline 2024 - 07/12/2024 - ****3/4 - Tag Team Challenger Tavion Heights
3%
NXT 737 - 11/06/2024 - **** - Six man Tag Heel Wolfgang
2%
NXT 742 - 16/07/2024 - **** - Six Man Tag Heel Wolfgang
2%
NXT 764 - 17/12/2024 - **** - Tag Team Challenger Wolfgang
2%
NXT 757 - 29/10/2024 - ****1/2 - Tag Team Challenger Cedric Alexander
1%
Royal Rumble 2024 - 27/01/2024 - ****1/4 18 Gubther
1%
NXT 719 - 06/02/2024 - ****1/4 - Tag Team Face Edris Enofe
0%
NXT 719 - 06/02/2024 - ****1/4 - Tag Team Face Malik Blade
0%
Aucun quiz correspondant
Distribution des résultats
% des personnes avec chaque résultat
Percentile par nombre de réponses
Votre historique - résultats
Vous n’avez pas pris ce quiz